000 00631nam a2200181 a 4500
001 000000810
003 DO-SdBNP
005 20210729093840.0
008 110602s1953 dr 000 0 spa d
040 _aDO-SdBNP
_bspa
_cBNPHU
082 _axxxx
_bxxxx
130 0 _aRepública Dominicana
_92814
240 0 _a[Leyes, etc]
245 1 0 _aSuplemento del índice general de la legislación de la República Dominicana :
_bCorriente al año 1950 /
_cSección de registro de leyes de la Secretaría de E. de la Presidencia.
260 _aCiduad Trujillo, República Dominicana:,
_c1953.
300 _a239 p. ;
_c25 cm.
942 _2ddc
_cLF1
999 _c806
_d806